[Event "DVM U14w 2016"]
[Site "Düsseldorf GER"]
[Date "2016.12.27"]
[Round "1"]
[White "Reuter, Elisa"]
[Black "Fricke, Edna Marlene"]
[Result "1-0"]
[Termination "normal"]
[Board "7.2"]
[WhiteElo "1618"]
[BlackElo "1376"]
[WhiteTeam "SV Empor Erfurt"]
[BlackTeam "SV SF Friedrichshagen"]
[PlyCount "109"]
[WhiteFideId "12995444"]
[BlackFideId "12988839"]
[EventCountry "GER"]
[EventRounds "7"]
[EventType "team-swiss"]
[EventDate "2016.12.26"]

1. e4 c5 2. Nf3 Nc6 3. Bb5 g6 4. Bxc6 bxc6 5. d3 Bg7 6. Nc3 d6 7. O-O Nf6 8. h3
O-O 9. Be3 e6 10. Re1 Qe7 11. Na4 Nd7 12. Bg5 f6 13. Bh4 Qe8 14. Bg3 e5 15. c3
Qe6 16. d4 cxd4 17. cxd4 Bb7 18. Nc3 d5 19. Qb3 Rab8 20. Rad1 Rfe8 21. Qc2 Kh8
22. Rd2 a6 23. Rde2 Rbc8 24. Qd2 exd4 25. Nxd4 Qf7 26. exd5 cxd5 27. Ne6 Kg8
28. Nxg7 Kxg7 29. Rxe8 Rxe8 30. Rxe8 Qxe8 31. Nxd5 Bc6 32. Nc7 Qe4 33. f3 Qb1+
34. Kh2 Qxa2 35. Qd6 Ba4 36. Qd4 Bc6 37. Qd6 Ba4 38. Qe7+ Kh6 39. Qe3+ Kg7 40.
Ne8+ Kf7 41. Nd6+ Kg7 42. Qe7+ Kg8 43. Qd8+ Kg7 44. Ne8+ Kf7 45. Nd6+ Kg7 46.
Qe7+ Kg8 47. Ne8 Qf7 48. Qd8 Qf8 49. Bd6 Qf7 50. Nxf6+ Kg7 51. Ne8+ Kh8 52.
Nf6+ Kg7 53. Nxd7 Bxd7 54. Be5+ Kh6 55. Qh4# 1-0

[Event "DVM U14w 2016"]
[Site "Düsseldorf GER"]
[Date "2016.12.27"]
[Round "1"]
[White "Kessen, Fanny"]
[Black "Krömer, Paulina"]
[Result "0-1"]
[Termination "normal"]
[Board "7.3"]
[WhiteElo "1218"]
[BlackElo "1538"]
[WhiteTeam "SV SF Friedrichshagen"]
[BlackTeam "SV Empor Erfurt"]
[PlyCount "50"]
[WhiteFideId "16217357"]
[BlackFideId "16212363"]
[EventCountry "GER"]
[EventRounds "7"]
[EventType "team-swiss"]
[EventDate "2016.12.26"]

1. e4 {[%emt 0:00:00]} c5 {[%eval 0,0] [%emt 0:00:00]} 2. Nc3 Nc6 3. g3 g6 4.
Bg2 Bg7 5. d3 d6 6. Nge2 Nf6 7. O-O O-O 8. f4 Bd7 9. Be3 Ng4 10. Qd2 Nxe3 11.
Qxe3 Nd4 12. Qd2 Bc6 13. g4 e6 14. Nd1 f5 15. h3 fxg4 16. hxg4 Nxe2+ 17. Qxe2
Bd4+ 18. Kh2 Qh4+ 19. Bh3 Rxf4 20. Rxf4 Be5 21. Qd2 Rf8 22. Ne3 Bxf4+ 23. Kg2
Qg3+ 24. Kh1 Qxh3+ 25. Kg1 Bxe3+ 0-1

[Event "DVM U14w 2016"]
[Site "Düsseldorf GER"]
[Date "2016.12.27"]
[Round "1"]
[White "Runds, Emily Sophie"]
[Black "de Veer, Mara"]
[Result "0-1"]
[Termination "normal"]
[Board "7.4"]
[WhiteElo "1087"]
[BlackElo "969"]
[WhiteTeam "SV Empor Erfurt"]
[BlackTeam "SV SF Friedrichshagen"]
[PlyCount "78"]
[WhiteFideId "16235231"]
[BlackFideId "16217349"]
[EventCountry "GER"]
[EventRounds "7"]
[EventType "team-swiss"]
[EventDate "2016.12.26"]

1. e4 {[%emt 0:00:00]} c5 2. Nf3 d6 3. d4 cxd4 4. Nxd4 Nf6 5. Nc3 a6 6. Be2 e5
7. Nb3 Be6 8. Be3 Be7 9. O-O O-O 10. Qd2 Nbd7 11. Bh6 gxh6 12. Qxh6 Bg4 13.
Qg5+ Kh8 14. Bxg4 Rg8 15. Qf5 Rxg4 16. f4 Qg8 17. Rf2 Qg6 18. Qxg6 Rxg6 19. f5
Rg4 20. Re1 Nh5 21. Nd5 Bf6 22. Re3 Nf4 23. Nd2 Rag8 24. Rg3 Rxg3 25. hxg3 Rxg3
26. Nc4 Rg7 27. Nxf4 exf4 28. Nxd6 Bd4 29. c4 Bxf2+ 30. Kxf2 Ne5 31. c5 Nd3+
32. Kf3 Nxc5 33. e5 Kg8 34. b4 Nd7 35. Nxf7 Kxf7 36. e6+ Ke7 37. Ke4 Nf6+ 38.
Kxf4 Rg4+ 39. Ke5 Re4# 0-1

[Event "DVM U14w 2016"]
[Site "Düsseldorf GER"]
[Date "2016.12.27"]
[Round "1"]
[White "Wastian, Mareike"]
[Black "Schubert, Arlene"]
[Result "0-1"]
[Termination "normal"]
[Board "8.1"]
[WhiteElo "1770"]
[BlackElo "1168"]
[WhiteTeam "SF Brackel"]
[BlackTeam "SC Annaberg-Buchholz"]
[PlyCount "75"]
[WhiteFideId "12947423"]
[BlackFideId "16220951"]
[EventCountry "GER"]
[EventRounds "7"]
[EventType "team-swiss"]
[EventDate "2016.12.26"]

1. e4 c5 2. d4 cxd4 3. c3 dxc3 4. Nxc3 Nc6 5. Nf3 e5 6. Bc4 Nf6 7. O-O Be7 8.
Qe2 b6 9. Rd1 O-O 10. Nd5 Bb7 11. Bd2 Rc8 12. Bc3 d6 13. Rac1 Qd7 14. Bxe5 Nxd5
15. Rxd5 Nxe5 16. Nxe5 Qc7 17. Rdd1 Qd8 18. Nf3 Rc7 19. h3 Qc8 20. Rc2 b5 21.
Bb3 Rxc2 22. Bxc2 Re8 23. Qd3 a6 24. Bb1 Qe6 25. e5 g6 26. exd6 Bxd6 27. Qxd6
Qxd6 28. Rxd6 Bxf3 29. Kh2 Bb7 30. Rb6 Re7 31. Bc2 Re2 32. Bb3 Be4 33. Kg3 Rxb2
34. Rxa6 Bd3 35. Ra3 Bc4 36. Kf3 Kg7 37. g3 Kf6 38. Bxc4 0-1

[Event "DVM U14w 2016"]
[Site "Düsseldorf GER"]
[Date "2016.12.27"]
[Round "1"]
[White "Jin, Tanja"]
[Black "Garbuz, Nicole"]
[Result "0-1"]
[Termination "normal"]
[Board "8.2"]
[WhiteElo "1211"]
[BlackElo "1576"]
[WhiteTeam "SC Annaberg-Buchholz"]
[BlackTeam "SF Brackel"]
[PlyCount "120"]
[WhiteFideId "16235355"]
[BlackFideId "12990701"]
[EventCountry "GER"]
[EventRounds "7"]
[EventType "team-swiss"]
[EventDate "2016.12.26"]

1. e4 e5 2. Nf3 Nc6 3. Bc4 Nf6 4. Nc3 Bc5 5. d3 h6 6. O-O O-O 7. Be3 Qe7 8. Nd5
Nxd5 9. Bxd5 Re8 10. c3 Bxe3 11. fxe3 d6 12. h3 Be6 13. Qb3 Bxd5 14. Qxd5 Qe6
15. b4 Qxd5 16. exd5 Ne7 17. e4 Ng6 18. g3 Rac8 19. Rf2 a6 20. Raf1 f6 21. a3
Re7 22. Re2 Rd7 23. Kg2 c6 24. dxc6 Rxc6 25. c4 Rdc7 26. Rc2 Ne7 27. Rfc1 d5
28. c5 d4 29. g4 Ng6 30. Kg3 Nf4 31. Re1 Ne6 32. Rec1 Kf7 33. Nh4 Nf4 34. Rd2
g6 35. Ng2 Ne6 36. Rdc2 Rc8 37. Ne1 Nd8 38. a4 Ne6 39. h4 a5 40. Rb1 axb4 41.
Rxb4 Nxc5 42. a5 R8c7 43. Rf2 g5 44. hxg5 hxg5 45. Nf3 Nxd3 46. Rf1 Nxb4 47.
Nxe5+ Ke6 48. Nxc6 Nxc6 49. Ra1 Nb4 50. Ra4 Rc3+ 51. Kg2 Rc4 52. Kf3 d3 53. Kf2
Rxe4 54. Kf3 Rf4+ 55. Kg3 d2 56. Ra1 Nd5 57. a6 bxa6 58. Rxa6+ Kf7 59. Ra1 Nc3
60. Rg1 Ne2+ 0-1

[Event "DVM U14w 2016"]
[Site "Düsseldorf GER"]
[Date "2016.12.27"]
[Round "1"]
[White "Bünte, Kirsten"]
[Black "Berndt, Christiane"]
[Result "0-1"]
[Termination "normal"]
[Board "8.3"]
[WhiteElo "1445"]
[BlackElo "1153"]
[WhiteTeam "SF Brackel"]
[BlackTeam "SC Annaberg-Buchholz"]
[PlyCount "88"]
[WhiteFideId "16200535"]
[BlackFideId "16235363"]
[EventCountry "GER"]
[EventRounds "7"]
[EventType "team-swiss"]
[EventDate "2016.12.26"]

1. d4 d5 2. c4 e6 3. Nc3 Nf6 4. Bg5 Be7 5. e3 O-O 6. Nf3 Nc6 7. Bd3 h6 8. Bf4
Re8 9. O-O Bd6 10. Bxd6 cxd6 11. cxd5 exd5 12. Qb3 Qd7 13. Nxd5 Nxd5 14. Qxd5
Nb4 15. Qc4 Nxd3 16. Qxd3 Qg4 17. Ne1 Bf5 18. Qd2 Rac8 19. Rc1 Rxc1 20. Qxc1
Qg6 21. f3 Bh3 22. Kh1 Bd7 23. Rf2 Qh5 24. Nd3 Qg5 25. Re2 Re6 26. Qd2 Bb5 27.
Nf4 Rf6 28. Re1 Bc4 29. b3 Ba6 30. Rc1 b6 31. Rc7 Qb5 32. Qc1 d5 33. Rc3 Rd6
34. Nd3 Qa5 35. a4 Bxd3 36. Rxd3 Rc6 37. Qb1 Rc2 38. h3 Re2 39. Kh2 b5 40. axb5
Qc7+ 41. Kh1 Qg3 42. Qg1 Re1 43. Rd1 Rxg1+ 44. Rxg1 Qf2 0-1

[Event "DVM U14w 2016"]
[Site "Düsseldorf GER"]
[Date "2016.12.27"]
[Round "1"]
[White "Schubert, Matthea"]
[Black "Elier, Basmalah"]
[Result "1-0"]
[Termination "normal"]
[Board "8.4"]
[WhiteElo "941"]
[BlackElo "756"]
[WhiteTeam "SC Annaberg-Buchholz"]
[BlackTeam "SF Brackel"]
[PlyCount "51"]
[WhiteFideId "16235371"]
[BlackFideId "16223004"]
[EventCountry "GER"]
[EventRounds "7"]
[EventType "team-swiss"]
[EventDate "2016.12.26"]

1. e4 e5 2. Nf3 Nc6 3. d4 exd4 4. Nxd4 Nxd4 5. Qxd4 Nf6 6. Be2 d6 7. Nc3 Be6 8.
Bg5 h6 9. Bh4 d5 10. e5 Nd7 11. Bxd8 Rxd8 12. O-O Bc5 13. Qa4 O-O 14. b4 Bd4
15. Qa3 Bxe5 16. Rad1 f5 17. Nxd5 c6 18. Ne3 Rf6 19. Bc4 Bxc4 20. Nxc4 Bf4 21.
Qb3 Re6 22. Na5 Kf7 23. Nxb7 Rb8 24. Rxd7+ Ke8 25. Qxe6+ Kf8 26. Qf7# 1-0

[Event "DVM U14w 2016"]
[Site "Düsseldorf GER"]
[Date "2016.12.27"]
[Round "1"]
[White "Gauchel, Verena"]
[Black "Kalina, Lena"]
[Result "0-1"]
[Termination "normal"]
[Board "9.1"]
[WhiteElo "1544"]
[BlackElo "1410"]
[WhiteTeam "SC Ammersee"]
[BlackTeam "SC Landskrone"]
[PlyCount "144"]
[WhiteFideId "12988537"]
[BlackFideId "12988014"]
[EventCountry "GER"]
[EventRounds "7"]
[EventType "team-swiss"]
[EventDate "2016.12.26"]

1. d4 {[%emt 0:00:00]} Nf6 {[%eval 0,0] [%emt 0:00:00]} 2. c4 {[%emt 0:00:05]}
g6 3. Nc3 Bg7 4. Bf4 O-O 5. e3 d6 6. Nf3 Nbd7 7. h3 Re8 8. Be2 b6 9. O-O Bb7
10. Rc1 e5 11. Bg5 h6 12. Bh4 Qe7 13. Qc2 exd4 14. exd4 d5 15. cxd5 Bxd5 16.
Nxd5 Qxe2 17. Bxf6 Nxf6 18. Nxc7 Qxc2 19. Rxc2 Rac8 20. Nxe8 Rxc2 21. Nxf6+
Bxf6 22. d5 Be7 23. Re1 Bd6 24. Re8+ Kg7 25. Rd8 Bc7 26. Re8 Rc5 27. g3 Rxd5
28. Re7 Rc5 29. Nd4 Kf6 30. Re3 Be5 31. Nf3 Bxb2 32. Rb3 Be5 33. Ra3 Rc3 34.
Rb3 Rc1+ 35. Kg2 Bd6 36. Nd2 Be5 37. Ra3 a5 38. Nf3 Bd6 39. Rb3 Bc5 40. Rb2 Bb4
41. Nh2 h5 42. Nf1 Rc4 43. Ne3 Rd4 44. Rc2 Rd6 45. Nc4 Rc6 46. Ne3 Rxc2 47.
Nxc2 Ke5 48. Kf1 Bc5 49. Ke2 Ke4 50. f3+ Ke5 51. Na1 a4 52. Nc2 b5 53. a3 Kd5
54. Kd3 g5 55. Kc3 f5 56. Kd3 Kc6 57. Kc3 Kd5 58. Kd3 Ke5 59. Ke2 Bd4 60. Ne1
Bc3 61. Nc2 Bd4 62. Ne1 g4 63. hxg4 hxg4 64. fxg4 fxg4 65. Nc2 Ke4 66. Ne1 Bc5
67. Nc2 Bd6 68. Kf2 Kd3 69. Ne1+ Kd2 70. Ng2 Bxa3 71. Nf4 Bc5+ 72. Kf1 a3 *

[Event "DVM U14w 2016"]
[Site "Düsseldorf GER"]
[Date "2016.12.27"]
[Round "1"]
[White "Yukelson, Tamar"]
[Black "Heinze, Sabrina"]
[Result "1/2-1/2"]
[Termination "normal"]
[Board "9.2"]
[WhiteElo "1417"]
[BlackElo "1333"]
[WhiteTeam "SC Landskrone"]
[BlackTeam "SC Ammersee"]
[PlyCount "76"]
[WhiteFideId "12964069"]
[BlackFideId "12981737"]
[EventCountry "GER"]
[EventRounds "7"]
[EventType "team-swiss"]
[EventDate "2016.12.26"]

1. e4 {[%emt 0:00:00]} e5 2. Nf3 Nc6 3. d4 exd4 4. Nxd4 Bc5 5. Nb3 Bb6 6. Nc3
d6 7. Bc4 h6 8. O-O Nf6 9. Bf4 O-O 10. Qd2 Bd7 11. Rfe1 Ne5 12. Bd3 Re8 13.
Bxe5 dxe5 14. Bc4 Be6 15. Qxd8 Raxd8 16. Bxe6 Rxe6 17. Rad1 Red6 18. Rxd6 Rxd6
19. Kf1 Ng4 20. f3 Ne3+ 21. Ke2 Nxc2 22. Rd1 Rxd1 23. Nxd1 Kf8 24. Kd2 Nd4 25.
Nc1 Ke7 26. Nd3 f6 27. Ne3 c6 28. Nf1 Ke6 29. Ke1 Ba5+ 30. Kd1 Bb6 31. Nd2 g6
32. Nb1 f5 33. Nc3 fxe4 34. Nxe4 Kd5 35. Nf6+ Ke6 36. Ne4 Kd5 37. Nf6+ Ke6 38.
Ne4 Kd5 1/2-1/2

[Event "DVM U14w 2016"]
[Site "Düsseldorf GER"]
[Date "2016.12.27"]
[Round "1"]
[White "Schiewe, Nadin"]
[Black "Schilay, Maria"]
[Result "1-0"]
[Termination "normal"]
[Board "10.1"]
[WhiteElo "1292"]
[BlackElo "1264"]
[WhiteTeam "SC Eintracht Berlin"]
[BlackTeam "SK Neumarkt"]
[PlyCount "39"]
[WhiteFideId "16209079"]
[BlackFideId "12942979"]
[EventCountry "GER"]
[EventRounds "7"]
[EventType "team-swiss"]
[EventDate "2016.12.26"]

1. d4 d5 2. Nf3 Nf6 3. e3 c6 4. b3 Nbd7 5. Bb2 e6 6. Bd3 Bd6 7. Ne5 Qc7 8. f4
Be7 9. O-O O-O 10. Nd2 Nxe5 11. fxe5 Nd7 12. Rf3 f6 13. Rh3 h6 14. Qg4 Nb6 15.
Rxh6 fxe5 16. Rh8+ Kxh8 17. Qh5+ Kg8 18. Bh7+ Kh8 19. Bg6+ Kg8 20. Qh7# 1-0

[Event "DVM U14w 2016"]
[Site "Düsseldorf GER"]
[Date "2016.12.27"]
[Round "1"]
[White "Adelhardt, Lisa"]
[Black "Gehrke, Gina Celina"]
[Result "0-1"]
[Termination "normal"]
[Board "10.2"]
[WhiteElo "1214"]
[BlackElo "1457"]
[WhiteTeam "SK Neumarkt"]
[BlackTeam "SC Eintracht Berlin"]
[PlyCount "124"]
[WhiteFideId "16235380"]
[BlackFideId "16205979"]
[EventCountry "GER"]
[EventRounds "7"]
[EventType "team-swiss"]
[EventDate "2016.12.26"]

1. e4 c5 2. Nc3 g6 3. d3 Nc6 4. Nf3 Bg7 5. Bd2 d6 6. Be2 Nf6 7. h3 a6 8. O-O
O-O 9. Qc1 b5 10. a3 Nh5 11. Bh6 Re8 12. Bxg7 Kxg7 13. Kh2 Qd7 14. b3 f5 15.
Qb2 e5 16. Nd5 Rb8 17. Rac1 Nf6 18. Nxf6 Kxf6 19. Nd2 Nd4 20. Bd1 Qc6 21. c3
Ne6 22. Re1 Bb7 23. h4 Nf4 24. Re3 Rg8 25. g3 Ne6 26. h5 Rbf8 27. Bf3 f4 28.
gxf4 Nxf4 29. Bg4 gxh5 30. Bh3 Bc8 31. Bxc8 Rg2+ 32. Kh1 Qxc8 33. Rg1 Rxg1+ 34.
Kxg1 Rg8+ 35. Kf1 Qg4 36. Ke1 Qg1+ 37. Nf1 Ng2+ 38. Kd2 Qxf1 39. Rf3+ Ke6 40.
Qc1 Qxc1+ 41. Kxc1 Nf4 42. Re3 h4 43. Kd2 h3 44. Re1 h2 45. Rh1 Rg2 46. Ke3 d5
47. exd5+ Nxd5+ 48. Kf3 Nf4 49. c4 bxc4 50. dxc4 h5 51. b4 cxb4 52. axb4 Rg1
53. Rxh2 Rb1 54. Ke4 Rxb4 55. f3 Rxc4+ 56. Ke3 a5 57. Rc2 Rxc2 58. Ke4 a4 59.
Ke3 a3 60. Ke4 a2 61. Ke3 a1=Q 62. Ke4 Qe1# 0-1

[Event "DVM U14w 2016"]
[Site "Düsseldorf GER"]
[Date "2016.12.27"]
[Round "1"]
[White "Jacoby, Angelina"]
[Black "Burger, Daiana"]
[Result "1-0"]
[Termination "normal"]
[Board "10.3"]
[WhiteElo "1240"]
[BlackElo "947"]
[WhiteTeam "SC Eintracht Berlin"]
[BlackTeam "SK Neumarkt"]
[PlyCount "95"]
[WhiteFideId "12999008"]
[BlackFideId "16217233"]
[EventCountry "GER"]
[EventRounds "7"]
[EventType "team-swiss"]
[EventDate "2016.12.26"]

1. d4 {[%emt 0:00:00]} d5 {[%eval 0,0] [%emt 0:00:00]} 2. Nf3 Nf6 3. e3 Nc6 4.
c3 Bf5 5. Bd3 Bg6 6. Qc2 e6 7. Nbd2 Bd6 8. O-O O-O 9. e4 Qe7 10. e5 Ng4 11.
exd6 Qxd6 12. h3 Nf6 13. Re1 Rfe8 14. Ne5 Ne4 15. Nxg6 hxg6 16. Nxe4 dxe4 17.
Bxe4 e5 18. Bxc6 bxc6 19. Be3 c5 20. dxc5 Qd5 21. Qd2 Qc6 22. Rad1 a5 23. Qd5
Qa6 24. Qd3 Qe6 25. Qd5 Rad8 26. Qxe6 fxe6 27. Bg5 Rxd1 28. Rxd1 c6 29. Re1 e4
30. Rxe4 e5 31. Bf4 a4 32. Rxe5 Rxe5 33. Bxe5 Kf8 34. f4 a3 35. bxa3 Kg8 36. a4
Kh7 37. a5 Kh6 38. a6 g5 39. fxg5+ Kxg5 40. a7 Kf5 41. Bd4 g5 42. a8=Q g4 43.
Qxc6 gxh3 44. Qf6+ Kg4 45. gxh3+ Kxh3 46. Qg6 Kh4 47. Kf2 Kh3 48. Qg3# 1-0

[Event "DVM U14w 2016"]
[Site "Düsseldorf GER"]
[Date "2016.12.27"]
[Round "1"]
[White "Burger, Radena"]
[Black "Hopp, Celina"]
[Result "0-1"]
[Termination "normal"]
[Board "10.4"]
[WhiteElo "719"]
[BlackElo "1056"]
[WhiteTeam "SK Neumarkt"]
[BlackTeam "SC Eintracht Berlin"]
[PlyCount "68"]
[WhiteFideId "16217241"]
[BlackFideId "16235240"]
[EventCountry "GER"]
[EventRounds "7"]
[EventType "team-swiss"]
[EventDate "2016.12.26"]

1. e4 {[%emt 0:00:00]} d5 2. Nc3 d4 3. Nb1 e5 4. Nf3 Bd6 5. Na3 Nf6 6. Bd3 O-O
7. O-O Bg4 8. Qe2 Nbd7 9. Bc4 a6 10. Qd3 c6 11. Nh4 b5 12. Bb3 a5 13. c4 b4 14.
Nb1 Nc5 15. Qc2 a4 16. d3 axb3 17. axb3 Rxa1 18. Bg5 h6 19. Qc1 hxg5 20. Qxg5
Nxd3 21. Nf5 Bxf5 22. Qxf5 Re8 23. Qf3 Nxb2 24. Qe2 Ra2 25. Qc2 c5 26. Nd2 Qa5
27. Rb1 Qa3 28. Rc1 Nd3 29. Qd1 Qxc1 30. Qxc1 Nxc1 31. Nf1 Nxe4 32. h3 Rxf2 33.
Nh2 Ne2+ 34. Kh1 N4g3# 0-1

[Event "DVM U14w 2016"]
[Site "Düsseldorf GER"]
[Date "2016.12.27"]
[Round "2"]
[White "Müdder, Melanie"]
[Black "Geletzke, Hannah"]
[Result "1-0"]
[Termination "normal"]
[Board "1.1"]
[WhiteElo "1604"]
[BlackElo "1558"]
[WhiteClock "01:09:11"]
[BlackClock "00:30:40"]
[WhiteTeam "SG Solingen"]
[BlackTeam "SV Empor Erfurt"]
[PlyCount "83"]
[WhiteFideId "12994103"]
[BlackFideId "12983330"]
[EventCountry "GER"]
[EventRounds "7"]
[EventType "team-swiss"]
[EventDate "2016.12.26"]

1. e4 {[%clk 1:30:58]} c5 {[%clk 1:30:55]} 2. Nc3 a6 3. Nf3 {[%clk 1:31:36]} e6
{[%clk 1:28:00]} 4. d4 {[%clk 1:31:34]} Nf6 {[%clk 1:18:19]} 5. e5 {[%clk
1:28:26]} Ng8 {[%clk 1:13:15]} 6. Ne4 {[%clk 1:25:11]} cxd4 7. Qxd4 Nc6 {[%clk
1:01:19]} 8. Nd6+ {[%clk 1:13:51]} Bxd6 {[%clk 1:00:59]} 9. Qxd6 {[%clk
1:13:54]} Nge7 {[%clk 0:59:13]} 10. Bd3 {[%clk 1:11:13]} O-O {[%clk 0:54:31]}
11. O-O {[%clk 1:10:36]} Ng6 {[%clk 0:45:52]} 12. Bg5 {[%clk 1:05:40]} Qa5
{[%clk 0:41:18]} 13. Bd2 {[%clk 1:03:42]} Qd8 {[%clk 0:39:45]} 14. Rfe1 {[%clk
1:01:40]} Qe7 {[%clk 0:37:49]} 15. Qxe7 {[%clk 0:59:05]} Ngxe7 {[%clk 0:34:48]}
16. Be3 {[%clk 0:57:51]} Rd8 {[%clk 0:29:04]} 17. Bc5 {[%clk 0:57:12]} Nd5
{[%clk 0:20:52]} 18. Bd6 {[%clk 0:53:26]} b5 {[%clk 0:18:57]} 19. Nd2 {[%clk
0:50:53]} Na5 {[%clk 0:15:02]} 20. Ne4 {[%clk 0:49:06]} Nb7 {[%clk 0:10:14]}
21. a4 {[%clk 0:48:08]} bxa4 {[%clk 0:01:17]} 22. Rxa4 {[%clk 0:48:00]} a5
{[%clk 0:00:32]} 23. c4 {[%clk 0:45:25]} Nxd6 {[%clk 0:00:35]} 24. Nxd6 {[%clk
0:45:19]} Nb6 {[%clk 0:00:33]} 25. Ra3 {[%clk 0:44:31]} Ra7 {[%clk 0:00:47]}
26. Rea1 {[%clk 0:44:36]} a4 {[%clk 0:00:31]} 27. c5 {[%clk 0:44:21]} Nd5
{[%clk 0:00:50]} 28. Rxa4 {[%clk 0:44:24]} Rc7 {[%clk 0:00:35]} 29. b4 {[%clk
0:42:08]} Bb7 {[%clk 0:00:36]} 30. b5 {[%clk 0:39:56]} Rb8 {[%clk 0:00:58]} 31.
Ra7 {[%clk 0:39:42]} Bc8 {[%clk 0:00:32]} 32. Rxc7 {[%clk 0:39:24]} Nxc7 {[%clk
0:01:00]} 33. b6 {[%clk 0:39:34]} Nd5 {[%clk 0:01:01]} 34. b7 {[%clk 0:39:31]}
Bxb7 {[%clk 0:00:38]} 35. Nxb7 {[%clk 0:39:42]} Nc7 {[%clk 0:00:40]} 36. Nd6
{[%clk 0:39:29]} Nd5 {[%clk 0:00:40]} 37. g3 {[%clk 0:38:48]} g6 {[%clk
0:00:50]} 38. Ra7 {[%clk 0:38:57]} Rd8 {[%clk 0:00:48]} 39. Bb5 {[%clk
0:38:43]} Nb4 {[%clk 0:30:08]} 40. Rxd7 {[%clk 1:08:50]} Rxd7 {[%clk 0:30:20]}
41. Bxd7 {[%clk 1:09:06]} Nd3 {[%clk 0:30:40]} 42. c6 {[%clk 1:09:11]} 1-0

[Event "DVM U14w 2016"]
[Site "Düsseldorf GER"]
[Date "2016.12.27"]
[Round "2"]
[White "Reuter, Elisa"]
[Black "Berelowitsch, Dana"]
[Result "1/2-1/2"]
[Termination "normal"]
[Board "1.2"]
[WhiteElo "1618"]
[BlackElo "1458"]
[WhiteClock "01:09:01"]
[BlackClock "00:18:26"]
[WhiteTeam "SV Empor Erfurt"]
[BlackTeam "SG Solingen"]
[PlyCount "90"]
[WhiteFideId "12995444"]
[BlackFideId "12977144"]
[EventCountry "GER"]
[EventRounds "7"]
[EventType "team-swiss"]
[EventDate "2016.12.26"]

1. e4 {[%clk 1:30:58]} c5 {[%clk 1:30:54]} 2. Nf3 {[%clk 1:31:24]} g6 {[%clk
1:31:16]} 3. d4 {[%clk 1:31:48]} cxd4 {[%clk 1:31:40]} 4. Nxd4 {[%clk 1:32:12]}
Bg7 {[%clk 1:32:04]} 5. Nc3 {[%clk 1:32:31]} Nc6 {[%clk 1:32:23]} 6. Be3 {[%clk
1:32:56]} Nf6 {[%clk 1:32:13]} 7. Bc4 {[%clk 1:33:20]} O-O {[%clk 1:31:52]} 8.
O-O {[%clk 1:33:44]} d6 {[%clk 1:31:27]} 9. h3 {[%clk 1:34:08]} Bd7 {[%clk
1:30:44]} 10. Re1 {[%clk 1:34:26]} Rc8 {[%clk 1:29:39]} 11. Bb3 {[%clk
1:34:40]} Qa5 {[%clk 1:26:50]} 12. Nde2 {[%clk 1:22:49]} Ne5 {[%clk 1:20:11]}
13. Ng3 {[%clk 1:22:41]} Nc4 {[%clk 1:19:22]} 14. Bxc4 {[%clk 1:21:32]} Rxc4
{[%clk 1:19:21]} 15. Qd2 Qb4 16. Rab1 {[%clk 1:16:08]} Re8 {[%clk 0:45:36]} 17.
a3 {[%clk 1:15:44]} Qa5 {[%clk 0:44:48]} 18. Bh6 {[%clk 1:15:38]} Bh8 {[%clk
0:43:23]} 19. Qe2 {[%clk 1:15:25]} Rec8 {[%clk 0:40:51]} 20. Bd2 {[%clk
1:13:13]} Qa6 {[%clk 0:38:35]} 21. Qf1 {[%clk 1:07:23]} Bg7 {[%clk 0:29:52]}
22. Re2 {[%clk 1:07:18]} b5 {[%clk 0:22:07]} 23. Qe1 {[%clk 1:06:07]} Qb7
{[%clk 0:19:10]} 24. Kh2 {[%clk 1:03:18]} Be6 {[%clk 0:16:26]} 25. f4 {[%clk
1:01:32]} b4 {[%clk 0:15:18]} 26. axb4 {[%clk 1:01:20]} Rxb4 {[%clk 0:13:53]}
27. Nd5 {[%clk 1:00:39]} Rbc4 {[%clk 0:13:28]} 28. Nxf6+ {[%clk 1:00:23]} Bxf6
{[%clk 0:13:36]} 29. c3 {[%clk 1:00:08]} Bh4 {[%clk 0:11:12]} 30. e5 {[%clk
0:51:48]} dxe5 {[%clk 0:10:20]} 31. Rxe5 {[%clk 0:51:54]} Bf5 {[%clk 0:08:36]}
32. Rc1 {[%clk 0:48:04]} Qxb2 {[%clk 0:07:29]} 33. Qe3 {[%clk 0:47:36]} Bxg3+
{[%clk 0:05:50]} 34. Kxg3 {[%clk 0:47:00]} Re4 {[%clk 0:05:38]} 35. Rxe4 {[%clk
0:46:41]} Bxe4 {[%clk 0:05:58]} 36. Kh2 {[%clk 0:45:43]} Rd8 {[%clk 0:05:34]}
37. Qxe4 {[%clk 0:45:22]} Qxd2 {[%clk 0:04:17]} 38. Rc2 {[%clk 0:45:16]} Qd6
{[%clk 0:03:23]} 39. c4 {[%clk 0:45:05]} Rc8 {[%clk 0:03:14]} 40. Ra2 {[%clk
0:43:38]} Qc7 {[%clk 0:02:23]} 41. Ra3 {[%clk 0:41:36]} Kf8 {[%clk 0:24:33]}
42. Ra4 {[%clk 1:11:46]} Qc5 {[%clk 0:19:50]} 43. Qb7 {[%clk 1:08:54]} Qc7
{[%clk 0:18:11]} 44. Qxc7 {[%clk 1:08:35]} Rxc7 {[%clk 0:18:28]} 45. Kg3 {[%clk
1:09:01]} Kg7 {[%clk 0:18:26]} 1/2-1/2

[Event "DVM U14w 2016"]
[Site "Düsseldorf GER"]
[Date "2016.12.27"]
[Round "2"]
[White "Kublanov, Elizabeth"]
[Black "Krömer, Paulina"]
[Result "1-0"]
[Termination "normal"]
[Board "1.3"]
[WhiteElo "1505"]
[BlackElo "1538"]
[WhiteClock "00:07:42"]
[BlackClock "00:21:14"]
[WhiteTeam "SG Solingen"]
[BlackTeam "SV Empor Erfurt"]
[PlyCount "75"]
[WhiteFideId "12944564"]
[BlackFideId "16212363"]
[EventCountry "GER"]
[EventRounds "7"]
[EventType "team-swiss"]
[EventDate "2016.12.26"]

1. d4 {[%clk 1:30:55]} d5 {[%clk 1:30:56]} 2. Nf3 {[%clk 1:31:16]} e6 {[%clk
1:31:18]} 3. e3 {[%clk 1:31:11]} f5 {[%clk 1:31:41]} 4. Bd3 {[%clk 1:30:33]}
Nf6 {[%clk 1:32:04]} 5. O-O {[%clk 1:30:34]} c6 {[%clk 1:30:53]} 6. Nbd2 {[%clk
1:29:48]} Bd6 {[%clk 1:30:59]} 7. b3 {[%clk 1:29:16]} O-O {[%clk 1:31:14]} 8.
Bb2 {[%clk 1:29:06]} Nbd7 {[%clk 1:30:57]} 9. Ne5 {[%clk 1:28:49]} Ne4 {[%clk
1:30:01]} 10. f4 {[%clk 1:24:37]} Nxe5 {[%clk 1:29:21]} 11. dxe5 {[%clk
1:24:12]} Bc5 {[%clk 1:28:47]} 12. Rf3 {[%clk 1:23:47]} Bd7 {[%clk 1:28:26]}
13. Rh3 {[%clk 1:23:02]} Be8 {[%clk 1:28:06]} 14. Qe2 {[%clk 1:22:55]} Bg6
{[%clk 1:27:17]} 15. Kh1 {[%clk 1:17:53]} Qa5 16. Nf3 h6 {[%clk 1:11:44]} 17.
Rg1 {[%clk 1:13:24]} Qb6 {[%clk 1:09:08]} 18. Nd4 {[%clk 1:08:13]} Rae8 {[%clk
1:04:48]} 19. g4 {[%clk 1:06:09]} Bxd4 {[%clk 1:00:44]} 20. Bxd4 {[%clk
0:57:54]} c5 {[%clk 1:00:40]} 21. Bb2 {[%clk 0:57:23]} fxg4 {[%clk 1:00:14]}
22. Rh4 {[%clk 0:50:47]} Bf5 {[%clk 0:58:22]} 23. Qg2 {[%clk 0:31:16]} Rf7
{[%clk 0:55:49]} 24. Be2 {[%clk 0:29:14]} Qd8 {[%clk 0:54:05]} 25. Rh5 {[%clk
0:27:23]} g6 {[%clk 0:49:51]} 26. Rxh6 {[%clk 0:19:09]} Kg7 {[%clk 0:50:08]}
27. Rxg6+ {[%clk 0:19:13]} Bxg6 {[%clk 0:49:11]} 28. Bxg4 {[%clk 0:18:58]} Qh4
{[%clk 0:46:05]} 29. Rf1 {[%clk 0:17:01]} Rh8 {[%clk 0:43:53]} 30. Bxe6 {[%clk
0:14:25]} Kf8 {[%clk 0:30:57]} 31. Bxf7 {[%clk 0:13:51]} Nf2+ {[%clk 0:29:58]}
32. Qxf2 {[%clk 0:11:58]} Be4+ {[%clk 0:28:54]} 33. Kg1 {[%clk 0:11:41]} Qg4+
{[%clk 0:24:19]} 34. Qg3 {[%clk 0:11:28]} Qe2 {[%clk 0:21:11]} 35. e6 {[%clk
0:07:30]} Rxh2 {[%clk 0:20:42]} 36. Qg8+ {[%clk 0:07:09]} Ke7 {[%clk 0:20:49]}
37. Qe8+ {[%clk 0:07:26]} Kd6 {[%clk 0:21:14]} 38. Be5# {[%clk 0:07:42]} 1-0